| 000 | 00480nam a22001697a 4500 | ||
|---|---|---|---|
| 003 | CEME | ||
| 005 | 20210628202337.0 | ||
| 008 | 210120b xxu||||| |||| 00| 0 eng d | ||
| 040 | _cceme | ||
| 082 | _a621.367 GON | ||
| 100 |
_aGonzalez Rafaelc ,Woods Richard E _959445 |
||
| 245 | _aDigital image processing ,problem solutions-students | ||
| 250 | _a2ND | ||
| 260 |
_aINDIA _bPEARSON EDUCATION ASIA _c2002 |
||
| 650 |
_aDIGITAL IMAGE PROCESSING.DIP. _959446 |
||
| 942 |
_cBK _2ddc |
||
| 999 |
_c569426 _d569426 |
||